Grecia. parte ii (recorte) /
Guardado en:
| Formato: | Libro |
|---|---|
| Publicado: |
: , 0
|
| Etiquetas: |
Agregar Etiqueta
Sin Etiquetas, Sea el primero en etiquetar este registro!
|
| LEADER | 00315nam a22001215a 4500 | ||
|---|---|---|---|
| 001 | CEM.cems008616 | ||
| 005 | 20060214000000.0 | ||
| 008 | 130507b######################000#0#####d | ||
| 003 | CEMS | ||
| 082 | 0 | 4 | |a F930 |
| 245 | 0 | 0 | |a Grecia. parte ii (recorte) / |
| 260 | |a : , 0 | ||
| 859 | |a CEMS |b BIB. CEMS - 11 de abril |h F930 |i 5-1 |p 1245.44 |t Ej.1 | ||
